[Event "Titled Tuesday intern op 20th Feb Late"]
[Site "Chess.com INT"]
[Date "2024.02.20"]
[Round "8"]
[White "Idnani, Taran"]
[Black "Myers, Dominique"]
[Result "1-0"]
[WhiteElo "1988"]
[BlackElo "2022"]
[PlyCount "127"]
[EventDate "2024.02.20"]
[EventType "swiss (blitz)"]
[EventRounds "11"]
[EventCountry "USA"]
[SourceTitle "EXT 2025"]
[Source "ChessBase"]
[SourceDate "2024.10.14"]
[SourceVersion "1"]
[SourceVersionDate "2024.10.14"]
[SourceQuality "1"]

1. e4 e5 2. Nf3 Nc6 3. d4 exd4 4. Nxd4 Qh4 5. Nc3 Bb4 6. Qd3 Nf6 7. Nxc6 dxc6 8. Bd2 Bxc3 9. Bxc3 Qxe4+ 10. Be2 Qxd3 11. Bxd3 0-0 12. Bxf6 gxf6 13. 0-0-0 Be6 14. Rde1 Kg7 15. Re3 a5 16. a3 Rad8 17. Rhe1 Rd4 18. h3 Rfd8 19. Rg3+ Kh8 20. Rf3 Kg7 21. Rg3+ Kh8 22. Ree3 R8d6 23. Ref3 Bd7 24. c3 R4d5 25. Kc2 b5 26. Rf4 Rg5 27. Rxg5 fxg5 28. Rxf7 Be6 29. Rxh7+ Kg8 30. Rxc7 a4 31. c4 bxc4 32. Be4 Bd5 33. f3 Bxe4+ 34. fxe4 Rd4 35. Rxc6 Rxe4 36. Rg6+ Kf7 37. Rxg5 Ke6 38. Kc3 Kd6 39. g4 Re3+ 40. Kxc4 Rxh3 41. Rb5 Rh4 42. Kb4 Rxg4+ 43. Ka5 Kc6 44. Rb4 Rg2 45. Kxa4 Re2 46. Kb3 Re3+ 47. Ka2 Kc5 48. Rb8 Re7 49. a4 Ra7 50. Ka3 Re7 51. b4+ Kc4 52. Rc8+ Kd5 53. a5 Re1 54. Ka4 Kd6 55. a6 Kd7 56. Rc3 Kd6 57. Ka5 Ra1+ 58. Kb6 Ra4 59. b5 Rg4 60. a7 Rg8 61. Ka6 Kd5 62. b6 Rg6 63. a8Q+ Kd4 64. Qc8 1-0

[Event "Titled Tuesday intern op 20th Feb Late"]
[Site "Chess.com INT"]
[Date "2024.02.20"]
[Round "3"]
[White "Myers, Dominique"]
[Black "Filgueira, Hernan"]
[Result "1-0"]
[WhiteElo "2022"]
[BlackElo "2283"]
[PlyCount "69"]
[EventDate "2024.02.20"]
[EventType "swiss (blitz)"]
[EventRounds "11"]
[EventCountry "USA"]
[SourceTitle "EXT 2025"]
[Source "ChessBase"]
[SourceDate "2024.10.14"]
[SourceVersion "1"]
[SourceVersionDate "2024.10.14"]
[SourceQuality "1"]

1. e4 c5 2. d3 Nc6 3. Nd2 g6 4. Ngf3 Bg7 5. c3 e6 6. g3 Nge7 7. Bg2 d5 8. 0-0 0-0 9. Qe2 e5 10. h4 h6 11. Rd1 d4 12. Nf1 b5 13. N1h2 Rb8 14. a3 a5 15. Bd2 dxc3 16. Bxc3 b4 17. axb4 cxb4 18. Be1 Ba6 19. Qe3 Qd6 20. Ng4 Kh7 21. h5 g5 22. Rac1 f5 23. exf5 Nxf5 24. Qe4 Bb5 25. Ne3 Nce7 26. g4 Kh8 27. gxf5 Bc6 28. Qg4 Ng8 29. Nc4 Qe7 30. Ncxe5 Bxe5 31. Nxe5 Qxe5 32. Rxc6 Nf6 33. Qg3 Qxf5 34. Be4 Qb5 35. Rxf6 1-0